[Event "Hinckley e2e4 Major op"]
[Site "Hinckley Island"]
[Date "2012.08.26"]
[Round "4"]
[White "Bingham, James T"]
[Black "Ross, Stuart"]
[Result "1-0"]
[WhiteElo "1894"]
[BlackElo "1614"]
[PlyCount "65"]
[EventDate "2012.08.24"]
[EventType "swiss"]
[EventRounds "7"]
[EventCountry "ENG"]
[SourceTitle "EXT 2014"]
[Source "ChessBase"]
[SourceDate "2013.11.20"]
[SourceVersion "1"]
[SourceVersionDate "2013.11.20"]
[SourceQuality "1"]

1. d4 Nf6 2. Nf3 g6 3. Nc3 Bg7 4. Bf4 d6 5. e4 0-0 6. Bc4 Bg4 7. Qd2 Nc6 8. h3 Bxf3 9. gxf3 e5 10. dxe5 dxe5 11. Be3 Qxd2+ 12. Kxd2 Rad8+ 13. Bd3 Nd4 14. f4 exf4 15. Bxf4 c6 16. Rad1 Nh5 17. Be3 b6 18. Kc1 Ne6 19. Ne2 Be5 20. Rdg1 Nhf4 21. Nxf4 Bxf4 22. Kd2 Be5 23. b3 Nd4 24. Rf1 Rd7 25. f4 Bg7 26. f5 Be5 27. h4 Rfd8 28. Kc1 a5 29. fxg6 hxg6 30. h5 Kg7 31. hxg6 fxg6 32. Bh6+ Kg8 33. Bc4+ 1-0

[Event "Hinckley e2e4 Major op"]
[Site "Hinckley Island"]
[Date "2012.08.26"]
[Round "5"]
[White "Towers, Nigel S"]
[Black "Bingham, James T"]
[Result "1-0"]
[WhiteElo "1910"]
[BlackElo "1894"]
[PlyCount "108"]
[EventDate "2012.08.24"]
[EventType "swiss"]
[EventRounds "7"]
[EventCountry "ENG"]
[SourceTitle "EXT 2014"]
[Source "ChessBase"]
[SourceDate "2013.11.20"]
[SourceVersion "1"]
[SourceVersionDate "2013.11.20"]
[SourceQuality "1"]

1. e4 c5 2. Nf3 d6 3. d4 cxd4 4. Nxd4 Nf6 5. Nc3 a6 6. g3 g6 7. Bg2 Bg7 8. 0-0 0-0 9. h3 Nbd7 10. f4 Nc5 11. Be3 Qc7 12. g4 e6 13. Qe2 Bd7 14. Rad1 Rac8 15. Qf2 b5 16. a3 e5 17. Nde2 Be6 18. g5 Nfd7 19. f5 Bc4 20. f6 Bh8 21. b3 Be6 22. Rd2 Nb6 23. Rfd1 Rfd8 24. Bxc5 dxc5 25. Rxd8+ Rxd8 26. Rxd8+ Qxd8 27. Qxc5 h6 28. h4 Nd7 29. Qd6 Bxf6 30. gxf6 Qxf6 31. Qd3 Qxh4 32. Qg3 Qe7 33. Bh3 h5 34. Bxe6 Qxe6 35. Qf3 Qd6 36. Qd3 Qb6+ 37. Kg2 Qe6 38. Qh3 Qd6 39. Nd5 Nf8 40. Qf3 Nh7 41. b4 f6 42. Qc3 Ng5 43. Qc8+ Kf7 44. Qb7+ Kg8 45. Nec3 Qe6 46. Ne7+ Kf7 47. Nf5+ Kf8 48. Qg7+ Ke8 49. Qxg6+ Kd7 50. Qg7+ Kc6 51. Qa7 Nxe4 52. Qxa6+ Kd7 53. Qxb5+ Kc7 54. Nd5+ Kc8 1-0

[Event "Hinckley e2e4 Major op"]
[Site "Hinckley Island"]
[Date "2012.08.25"]
[Round "2"]
[White "Bingham, James T"]
[Black "Riley, Simon"]
[Result "1-0"]
[WhiteElo "1894"]
[BlackElo "1758"]
[PlyCount "79"]
[EventDate "2012.08.24"]
[EventType "swiss"]
[EventRounds "7"]
[EventCountry "ENG"]
[SourceTitle "EXT 2014"]
[Source "ChessBase"]
[SourceDate "2013.11.20"]
[SourceVersion "1"]
[SourceVersionDate "2013.11.20"]
[SourceQuality "1"]

1. d4 Nf6 2. Nf3 g6 3. c4 Bg7 4. g3 0-0 5. Bg2 c6 6. Nc3 d5 7. 0-0 dxc4 8. e4 Nbd7 9. Qe2 Nb6 10. h3 h6 11. Be3 Be6 12. Qd2 Kh7 13. Ne5 Nfd7 14. Ng4 h5 15. Nh2 f6 16. f4 Bg8 17. Qe2 Bh6 18. g4 hxg4 19. Nxg4 Bg7 20. f5 g5 21. h4 gxh4 22. Ne5 Bf7 23. Ng6 Bxg6 24. fxg6+ Kxg6 25. e5 e6 26. Qg4+ Kf7 27. exf6 Nxf6 28. Bh3 Qe7 29. Ne4 Nbd5 30. Bg5 Kg8 31. Qxh4 Rf7 32. Nc5 Nc7 33. Rae1 Qd6 34. Nxe6 Re8 35. Nxc7 Rxe1 36. Rxe1 Rxc7 37. Re6 Qf8 38. Rxf6 Bxf6 39. Be6+ Rf7 40. Bxf6 1-0

[Event "BCF-chT3 0809 (4NCL)"]
[Site "Hinckley Island"]
[Date "2009.05.04"]
[Round "11.1"]
[White "Bingham, James T"]
[Black "Adams, Mark"]
[Result "1-0"]
[WhiteElo "1945"]
[BlackElo "2034"]
[PlyCount "103"]
[EventDate "2008.10.18"]
[EventType "team-swiss"]
[EventRounds "11"]
[EventCountry "ENG"]
[SourceTitle "EXT 2010"]
[Source "ChessBase"]
[SourceDate "2010.11.25"]
[SourceVersion "1"]
[SourceVersionDate "2010.11.25"]
[SourceQuality "1"]
[WhiteTeam "Leicester III"]
[BlackTeam "FPONTY"]
[WhiteTeamCountry "ENG"]
[BlackTeamCountry "ENG"]

1. d4 Nf6 2. c4 e6 3. Nf3 Bb4+ 4. Bd2 Qe7 5. g3 0-0 6. Qc2 b6 7. Bg2 Bb7 8. Nc3 d6 9. 0-0 Bxc3 10. Bxc3 Nbd7 11. b4 Rac8 12. Rad1 Rfe8 13. Rfe1 c5 14. dxc5 dxc5 15. b5 e5 16. e4 Rcd8 17. a4 Nh5 18. a5 f6 19. Nh4 g6 20. Bf3 Ng7 21. Bg4 Nf8 22. Ng2 Rxd1 23. Rxd1 Rd8 24. Rxd8 Qxd8 25. a6 Bc8 26. Bxc8 Qxc8 27. Qd3 Qd7 28. Qd5+ Qxd5 29. exd5 Ne8 30. f4 exf4 31. gxf4 Kf7 32. Ne3 Nd6 33. Kf1 Nd7 34. Ke2 h6 35. Kd3 h5 36. Be1 Nf5 37. Nc2 Nd6 38. Bf2 g5 39. Be3 g4 40. Bf2 Nf5 41. Ne3 Nxe3 42. Kxe3 Nf8 43. f5 Nd7 44. Bg3 h4 45. Bc7 Ne5 46. Bb8 g3 47. hxg3 h3 48. Kf2 Nxc4 49. Bxa7 Ne3 50. Kg1 c4 51. Bxb6 Nxd5 52. Ba5 1-0

[Event "Leicestershire-ch"]
[Site "Littlethorpe"]
[Date "2008.09.23"]
[Round "5"]
[White "Bingham, James T"]
[Black "Burrows, Martin P"]
[Result "0-1"]
[WhiteElo "1816"]
[BlackElo "2048"]
[PlyCount "112"]
[EventDate "2008.05.27"]
[EventType "swiss"]
[EventRounds "6"]
[EventCountry "ENG"]
[SourceTitle "EXT 2011"]
[Source "ChessBase"]
[SourceDate "2010.11.26"]
[SourceVersion "1"]
[SourceVersionDate "2010.11.26"]
[SourceQuality "1"]

1. d4 Nf6 2. c4 g6 3. Nc3 Bg7 4. e4 d6 5. Be2 0-0 6. Bg5 Na6 7. Nf3 c6 8. 0-0 Nc7 9. Qd2 Re8 10. Rfd1 Bg4 11. b4 d5 12. cxd5 cxd5 13. e5 Nd7 14. a4 Nf8 15. h3 Bxf3 16. Bxf3 Qd7 17. Qa2 Rad8 18. a5 Kh8 19. Na4 Nfe6 20. Be3 f6 21. Bg4 f5 22. Be2 Nb5 23. f4 Bh6 24. Qd2 Rc8 25. Nc5 Nxc5 26. bxc5 Nc7 27. Rab1 Rb8 28. Rb3 Red8 29. Rdb1 Qc6 30. Qb2 Ne6 31. g3 b6 32. axb6 axb6 33. Bb5 Qc7 34. c6 g5 35. fxg5 Bxg5 36. Bxg5 Nxg5 37. Kg2 Ne4 38. Qc2 Rg8 39. Rf1 e6 40. Rff3 Ra8 41. Bd3 Rgc8 42. Bxe4 fxe4 43. Rfc3 Ra6 44. Qf2 Qe7 45. Rb5 Rf8 46. Qe2 Qc7 47. h4 Rf7 48. Rb2 Ra1 49. Qg4 Rf5 50. Qe2 Kg7 51. Qb5 Qf7 52. Rcc2 Rff1 53. Rf2 Rg1+ 54. Kh3 Rh1+ 55. Rh2 Qf5+ 56. Kg2 Rag1# 0-1